000 00325nam a22001457a 4500
020 _a978-0070701236
041 _aENG
100 _aBailey.J.E
245 _aBiochemical Engineering Fundamntals
250 _aSecond Ed
260 _aDelhi
_bMcGraw -Hill
_c1986
300 _a984
650 _aAPE
856 _uAPE ( 10 )
999 _c1771
_d1771